Complete the Card - WWE SummerSlam 2006 - Statistics

General Stats
  • This quiz has been taken 334 times
  • The average score is 14 of 16
Answer Stats
Answer % Correct
Randy Orton
99%
John Cena
98%
Batista
96%
Edge
96%
Shawn Michaels
93%
Triple H
93%
The Big Show
90%
Hulk Hogan
87%
Shane McMahon
82%
Vince McMahon
82%
Rey Mysterio
81%
Ric Flair
80%
King Booker
79%
Chavo Guerrero
77%
Mick Foley
70%
Sabu
70%
No matching quizzes found
Score Distribution
Percent of People with Each Score
Percentile by Number Answered
Your Score History
You have not taken this quiz